000 00632nam a2200241 i 4500
001 C2-0238577
003 PPAK
005 20180727201630.0
008 020422s2001 nyu |||| ||||| | eng d
020 _a0446610267
040 _aPPAK
_beng
_cPPAK
_erda
082 0 4 _a823
_223
090 0 0 _a823
_bSCO
_dG
100 1 _aScott, Amanda,
_eauthor
245 1 4 _aThe secret clan :
_babducted heiress
264 1 _aNew York :
_bWarner Books ,
_c2001
300 _a419 pages ;
_c17 cm
336 _2rdacontent
_atext
337 _2rdamedia
_aunmediated
338 _2rdacarrier
_avolume
650 1 0 _aEnglish fiction
942 _ddc
_cB
999 _c53923
_d53923